000 00420 a2200145 4500
005 20250617170019.0
020 _a978-1-119-09310-7
082 _a005.133 SCO
100 _aSCOTT, B.
245 _aPython For Kids.
260 _aCanada,
_bJohn Wiley,
_c2015.
300 _a313p.: ill.; figure, picture, table.
_bIndex.
_c23cm.
856 _yAccess online book
_fComputer
_dhttp://www.wiley.com/go/permissions
942 _2ddc
_cBKS
999 _c163
_d163